000 00707nam a2200289Ia 4500
005 20260324133828.0
008 008 260324s9999 xx 000 0 eng d
020 _a9781315028170
037 _aEBOOK
040 _aCRL
040 _beng
040 _cCRL
041 _2eng
041 _aeng
084 _qCRL
100 _aRoel Meijer
_91194555
245 4 _aThe Quest for Modernity
245 0 _bSecular Liberal and Left-wing Political Thought in Egypt, 1945-1958
260 _bTaylor and Francis
260 _c2002
365 _a
365 _b145
856 _uhttp://www.taylorfrancis.com/books/9781315028170
942 _cEBOOK
999 _c1793997
_d1793997